000 00659nam a2200277Ia 4500
005 20260324141243.0
008 008 260324s9999 xx 000 0 eng d
020 _a9780203399996
037 _aEBOOK
040 _aCRL
040 _beng
040 _cCRL
041 _2eng
041 _aeng
084 _qCRL
100 _aSuzanne Bratcher
_91207498
245 4 _aThe Learning-to-write Process in Elementary Classrooms
260 _bTaylor and Francis
260 _c1997
365 _a
365 _b300
856 _uhttp://www.taylorfrancis.com/books/9780203399996
942 _cEBOOK
999 _c1810401
_d1810401